| 000 | 00507nam a22001697a 4500 | ||
|---|---|---|---|
| 999 |
_c15713 _d15713 |
||
| 003 | OSt | ||
| 082 |
_a664 _bANN/D |
||
| 088 | _aP 446 | ||
| 100 |
_aAnnzia M Elias _94230 |
||
| 100 |
_aDhanya Saseendran K _94231 |
||
| 100 |
_aKhadeeja PM _94232 |
||
| 100 |
_aNikhitha Mohan A _94233 |
||
| 245 | _aDevelopment and Performance evaluation of power operated jackfruit seed separator | ||
| 260 |
_aTavanur _bDepartment of Processing and Food Engineering _c2019 |
||
| 700 |
_aRajesh G K (Guide) _93236 |
||
| 942 | _cPR | ||